000 00632nam a2200217 a 4500
001 BRCA_7800
005 20190320210012.0
008 011013s1959----ne-a######---#000-0#eng-#
041 _aeng
044 _ane
050 4 _aND653.H6
_b.J83 1959
100 1 _aJudson, J. Richard
_919322
245 1 0 _aGerrit van Honthorst
_ba discussion of this position in dutch art
_cJ. Richard Judson.
260 _aLa Haya
_bM. Nijhoff
_c1959
300 _axx, 315 p.
_bil., 88 láminas
_c24 cm.
500 _aX65
600 1 4 _aHonthorst, Gerrit van
_d1590-1656
_919323
650 1 4 _aPintores holandeses
_919324
902 _aGFM
942 _2lcc
_cB
999 _c7474
_d7474